Statistiques concernant Citations cultes

Cliquez ici pour prendre le quiz!

Statistiques générales

  • Ce quiz a été pris 100 fois
  • Le résultat moyen est 4 sur 24

Statistiques - réponses

Answer % Correct
Star Wars (Darth Vader)Je suis ton père
86%
Le Seigneur des anneaux (Gandalf)Vous ne passerez pas !
51%
Kaamelot (Perceval)C'est pas faux
34%
RamboC'est pas ma guerre
27%
The Mask (Stanley Ipkiss)Splendide !
26%
Spider-Man (Oncle Ben)Un grand pouvoir implique de grandes responsabilités
24%
Terminator 2Je reviendrais
23%
Game of ThronesL'Hiver vient
22%
Retour vers le futur (Doc)Nom de Zeus !
16%
Taxi Driver (Travis)C'est à moi que tu parles ?
15%
RockyAdrian !
15%
Harry Potter et les Reliques de la Mort - Pt 2 (Severus Rogue)A jamais
12%
Titanic (Jack)Je suis le maître du monde !
10%
Forrest GumpLa vie c'est comme une boîte de chocolat, on sait jamais sur quoi on va tomber
7%
Jurassic Park (John Hammond)J'ai dépensé sans compter
7%
Piège de cristal (John McClane)Youpikai
3%
Truman Show (Truman)Je vous souhaite une bonne soirée et une excellente nuit
1%
Moby Dick (Ishmael)Je m'appelle Ishmael
1%
Shining (Jack Torrance)Chérie, je suis rentré
1%
Matrix (Néo)Je connais le Kung Fu
1%
Astérix et Obélix : Mission Cléopâtre (Caius Céplus)Quand on l'attaque, l'empire contre attaque !
1%
Le Roi Lion (Pumba)Je m'appelle : Monsieur Porc
1%
Gladiator (Maximus)Mon nom est gladiateur
1%
Pirates des Caraïbes (Jack)Capitaine
1%

Distribution des résultats

Percentile by Number Answered

% des personnes avec chaque résultat

Votre développement - résultats

Vous n’avez pas pris ce quiz